| 000 | 00444nam a2200181Ia 4500 | ||
|---|---|---|---|
| 008 | 230524s9999 xx 000 0 und d | ||
| 020 | _a0195670930 | ||
| 082 |
_a621.312 _bBHA |
||
| 100 | _aS.N.Bhadra | ||
| 245 | 0 | _aWind Electrical Systems | |
| 250 | _a8TH | ||
| 260 |
_aNEW DELHI _bOxford _c2009 |
||
| 300 | _aXVIII;317 | ||
| 500 | _aQuantity Number: 10 | ||
| 650 | _aElectrical | ||
| 700 | _a" D.Kastha , S.Banerjee,,," | ||
| 942 | _cBK | ||
| 999 |
_c47970 _d47970 |
||